• 首页
  • 本馆介绍
  • 公告通知
  • 最新文献
  • 馆藏检索
  • 电子资源
  • 读者荐购
  • 参考咨询
  • CALIS
  • 我的图书馆
  • 登录
  • 详细信息显示
  • 放入我的书架
  • 预约/预借图书
  • 作者相关作品
  • 分类相关作品
  • 丛书相关作品
  • 出版社相关作品

书目信息

  • 表格格式
  • 工作单格式
  • 卡片格式
题名:
日本经济入门
    
 
作者: 杨立国 编著
分册:  
出版信息: 大连   大连理工大学出版社  2008.07
页数: 11, 255页
开本: 21cm
丛书名:
单 册:
中图分类: H369.4:F
科图分类:
主题词: 日语--ri yu--阅读教学--高等学校--教材
电子资源:
ISBN: 978-7-5611-4150-2
 
 
 
 
 
000 00933nam0 2200253 450
001 012009158070
005 20090623135746.90
010    @a978-7-5611-4150-2@dCNY18.00
100    @a20090623d2008 em y0chi0120 ea
101 0  @achi@ajpn
102    @aCN@b210000
105    @aak a 000yy
106    @ar
200 1  @a日本经济入门@Ari ben jing ji ru men@f杨立国编著@Fyang li guo bian zhu
210    @a大连@c大连理工大学出版社@d2008.07
215    @a11, 255页@c图@d21cm
300    @a高等学校日语教材
320    @a有书目 (第251-253页)
330    @a本书内容由三部分构成:第一部分从整体上概述当今日本经济的规模及其所存在的主要问题;第二部分介绍二战后日本经济的成长轨迹;第三部分从社会保障、财政、金融、产业、贸易等各个方面分析日本的经济构造。
606 0  @a日语@Ari yu@x阅读教学@x高等学校@j教材
690    @aH369.4:F@v4
701  0 @a杨立国@Ayang li guo@4编著
801  0 @aCN@bQSSK@c20090623
905    @b747625-27@dH369.4:F@eY221@f3
    
    日本经济入门/杨立国编著.-大连:大连理工大学出版社,2008.07
    11, 255页:图;21cm
    高等学校日语教材
    
    ISBN 978-7-5611-4150-2:CNY18.00
    本书内容由三部分构成:第一部分从整体上概述当今日本经济的规模及其所存在的主要问题;第二部分介绍二战后日本经济的成长轨迹;第三部分从社会保障、财政、金融、产业、贸易等各个方面分析日本的经济构造。
●
相关链接 在E读中查询图书 在当当中查询图书 在豆瓣中查询图书


正题名:日本经济入门     索取号:H369.4:F/Y221         预约/预借

序号 登录号 条形码 馆藏地/架位号 状态 备注
1 747625   207476257   语言库209/209语言库 131排2列4层/ [索取号:H369.4:F/Y221] 在馆    
2 747626   207476266   语言库209/209语言库 131排2列4层/ [索取号:H369.4:F/Y221] 在馆    
3 747627   207476275   语言库209/209语言库 131排2列4层/ [索取号:H369.4:F/Y221] 在馆    
河南城建学院图书馆 欢迎您!
大连网信软件有限公司© 版权所有